000 00466cam a22001814a 4500
005 20250605163447.0
008 250528s ||||||||||||||||||||||||d
035 _a19705
020 _a9608630738
040 _aGR-AtMCL
_bgre
_dGR-AtMCL
_eAACR2
245 1 _aΑΠΩΛΕΙΕΣ ΣΤΗ ΖΩΗ ΤΟΥ ΠΑΙΔΙΟΥ
250 _a1
260 _bΜέριμνα
_bΣυλλογικο,
_c2005
300 _a151
942 _cBK
999 _c4961
_d4961